Kritéria tvorby prodejně úspěšných obalů

Balenie potravín a postoje spotrebiteľov k obalom. Racionálna úvaha a emocionálne aspekty pri kúpe tovaru. Kartón ako otpimálny materiál na balenie potravín. Znázornenie obsahu na obale. Farebná a tvarová príťažlivosť obalu. Obaly parfémov - farby, tvary a vkus. Balenie liečiv - informačná vlastnosť...

Descrizione completa

Salvato in:
Dettagli Bibliografici
Autore principale: Stejskalová, Helena
Natura: Capitolo di libro
Lingua:ceco
Soggetti:
Tags: Aggiungi Tag
Nessun Tag, puoi essere il primo ad aggiungerne!!

MARC

LEADER 00000naa$a2200000$$$4500
001 0056779
005 20231016105817.1
041 0 |a cze 
044 |a CZ 
245 1 0 |a Kritéria tvorby prodejně úspěšných obalů  |c Helena Stejskalová 
520 |a Balenie potravín a postoje spotrebiteľov k obalom. Racionálna úvaha a emocionálne aspekty pri kúpe tovaru. Kartón ako otpimálny materiál na balenie potravín. Znázornenie obsahu na obale. Farebná a tvarová príťažlivosť obalu. Obaly parfémov - farby, tvary a vkus. Balenie liečiv - informačná vlastnosť obalu prvoradá. 
610 2 0 |a obaly 
610 2 0 |a balenie 
610 2 0 |a potraviny 
610 2 0 |a liečivá 
610 2 0 |a materiál 
610 2 0 |a informácie 
610 2 0 |a farby 
610 2 0 |a spotrebitelia 
100 1 |a Stejskalová, Helena